Anuario estadístico de la República Argentina 2005
Guardado en:
| Autor Corporativo: | |
|---|---|
| Formato: | Electrónico |
| Idioma: | Spanish |
| Publicado: |
Buenos Aires :
INDEC,
2005.
|
| Edición: | 1a ed. |
| Materias: | |
| Etiquetas: |
Agregar Etiqueta
Sin Etiquetas, Sea el primero en etiquetar este registro!
|
| LEADER | 01122nmm a22002415a 4500 | ||
|---|---|---|---|
| 001 | EIQ.libpla000797 | ||
| 008 | 060529s2005####ag#########m########spa#d | ||
| 005 | 20060529175333.0 | ||
| 245 | 1 | 0 | |a Anuario estadístico de la República Argentina 2005 |h [recurso electrónico] / |c Instituto Nacional de Estadística y Censos. |
| 250 | |a 1a ed. | ||
| 256 | |a Datos electrónicos | ||
| 260 | |a Buenos Aires : |b INDEC, |c 2005. | ||
| 300 | |a 1 CD-ROM ; |c 12 cm. | ||
| 310 | |a Anual | ||
| 500 | |a La biblioteca lo posee también en soporte papel. | ||
| 538 | |a Requerimiento de hardware: IBM compatible Pentium o superior. Espacio libre en disco 15 MB 64 MB RAM mínimo. Lector de CD-ROM. VGA display 16 bits. Requerimientos de software: MS WINDOWS '98 o superior, MS OFFICE '97 o superior, Adobe Acrobat Reader. | ||
| 650 | 4 | |a Estadísticas |x Anuario. | |
| 650 | 4 | |a Anuario estadístico |z Argentina. | |
| 650 | 4 | |a Stadistics |x Yearbook. | |
| 650 | 4 | |a Statistical yearbook |z Argentina. | |
| 040 | |a AR-BbSID |b spa |c AR-BbSID | ||
| 110 | 2 | |a Instituto Nacional de Estadística y Censos (Argentina) | |
| 859 | |a AR-BbSID |b BIB. PLAPIQUI |h 318.82 |i In 2 |p 5848 | ||
